Топ 10 стран по площади - Statistics

General Stats
  • This quiz has been taken 6 times
  • The average score is 9 of 10
Answer Stats
Площадь км² Страна % Correct
17.1 млн Россия
100%
10.0 млн Канада
100%
9.7 млн Китай
100%
9.4 млн США
100%
3.3 млн Индия
100%
2.7 млн Казахстан
100%
2.4 млн Алжир
100%
8.5 млн Бразилия
75%
7.7 млн Австралия
50%
2.8 млн Аргентина
50%
No matching quizzes found
Score Distribution
Percent of People with Each Score
Percentile by Number Answered
Your Score History
You have not taken this quiz